Satellite Image Quiz #1 - Statistics

General Stats
  • This quiz has been taken 23 times
  • The average score is 7 of 10
Answer Stats
Picture Answer % Correct
United Kingdom | Ireland
89%
Algeria | Tunisia | Libya
84%
Brazil
84%
Eritrea | Ethiopia | Djibouti | Somalia | Yemen
84%
Mexico | Guatemala | El Salvador | Honduras | Nicaragua | Costa Rica
84%
Saudi Arabia | Qatar | Bahrain
84%
India | Nepal | China
74%
Kazakhstan | Uzbekistan | Turkmenistan
68%
Russia
68%
Botswana
21%
No matching quizzes found
Score Distribution
Percent of People with Each Score
Percentile by Number Answered
Your Score History
You have not taken this quiz